000
00247nam a22000977a 4500
008
231128b |||||||| |||| 00| 0 eng d
020
_a
9781529068504
100
_a
Perry D. Bruce
_9
7728
245
_a
What Happened to You
260
_a
UK
_b
Bluebird
_c
2021
999
_c
12469
_d
12469